SHAKTI KRISHNA KI LILA (Record no. 18569)

MARC details
000 -LEADER
fixed length control field 00248nam a22001217a 4500
003 - CONTROL NUMBER IDENTIFIER
control field SGT
082 ## - DEWEY DECIMAL CLASSIFICATION NUMBER
Item number PRI
100 ## - MAIN ENTRY--PERSONAL NAME
Personal name PRITAM, AMIRTA
245 ## - TITLE STATEMENT
Title SHAKTI KRISHNA KI LILA
260 ## - PUBLICATION, DISTRIBUTION, ETC. (IMPRINT)
Place of publication, distribution, etc DELHI
Name of publisher, distributor, etc HIND PUB.
Year of Publication 1966
300 ## - PAGE DESCRIPTION
No. of Pages 198
942 ## - ADDED ENTRY ELEMENTS (KOHA)
Source of classification or shelving scheme Dewey Decimal Classification
Koha item type Books
Holdings
Withdrawn status Lost status Source of classification or shelving scheme Damaged status Not for loan Collection code Home library Current library Date acquired SGTU Total Checkouts Full call number Accession No. (Barcode) Date last seen Bill Date Koha item type
    Dewey Decimal Classification     MASS COMMUNICATION SGT Science & Social Sciences Library SGT Science & Social Sciences Library 23/07/2019 SGTU   PRI MC616 23/07/2019 23/07/2019 Books